Legends & dreamers (Record no. 294)

MARC details
000 -LEADER
fixed length control field 00721nam a2200181 a 4500
005 - DATE AND TIME OF LATEST TRANSACTION
control field 20260322212014.0
008 - FIXED-LENGTH DATA ELEMENTS--GENERAL INFORMATION
fixed length control field data
099 ## - LOCAL FREE-TEXT CALL NUMBER (OCLC)
Classification number DVD 979.1 L444
001 - CONTROL NUMBER
control field data
110 2# - MAIN ENTRY--CORPORATE NAME
Corporate name or jurisdiction name as entry element KAET-TV (Television station : Tempe, Ariz.)
245 10 - TITLE STATEMENT
Title Legends & dreamers
Remainder of title inspired by Arizona Highways
Statement of responsibility, etc. KAET-TV (Television station : Tempe, Ariz.).
260 ## - PUBLICATION, DISTRIBUTION, ETC.
Place of publication, distribution, etc. [Tempe, Ariz.] :
Name of publisher, distributor, etc. KAET,
Date of publication, distribution, etc. 1996.
300 ## - PHYSICAL DESCRIPTION
Extent DVD video 1 videodisc (60 min.) : sd., col. and b&w ;
Other physical details 4 3/4 inch.
500 ## - GENERAL NOTE
General note Participants: Host/narrator, Don Collier.
520 3# - SUMMARY, ETC.
Summary, etc. Arizonans Dr. Ken Jackson, Jerry Jacka and Marshall Trimble explore the early history and natural beauty of Arizona.
650 #0 - SUBJECT ADDED ENTRY--TOPICAL TERM
Topical term or geographic name entry element Arizona
General subdivision Description and travel.
650 #0 - SUBJECT ADDED ENTRY--TOPICAL TERM
Topical term or geographic name entry element Arizona
General subdivision History.
Holdings
Withdrawn status Lost status Damaged status Not for loan Home library Current library Shelving location Date acquired Total checkouts Full call number Barcode Date last seen Price effective from Koha item type
        Centerville Centerville General stacks 22/03/2026   GEN BC0010303 22/03/2026 22/03/2026 Books